Mapa świata bez 20 losowych krajów - Statystyki

Ogólne statystyki
  • Ten quiz został rozwiązany 1 761 razy
  • Średni wynik to 14 z 20
Odpowiedzi na mapie
Odpowiedzi zakodowano w zielono-czerwonej skali na mapie do tego quizu, zgodnie z poniższymi procentami.
 
Statystyki odpowiedzi
kraj % Poprawnych
Meksyk
100%
Algieria
98%
Czechy
98%
Demokratyczna Republika Konga
98%
Kanada
98%
Niemcy
98%
Rosja
98%
Stany Zjednoczone
98%
Kazachstan
97%
Chiny
96%
Francja
96%
Szwecja
96%
Ukraina
96%
Brazylia
95%
Mongolia
95%
Słowacja
95%
Argentyna
94%
Austria
94%
Białoruś
94%
Egipt
93%
Iran
93%
Turcja
93%
Polska
92%
Szwajcaria
92%
Hiszpania
91%
Indie
91%
Kolumbia
91%
Paragwaj
91%
Serbia
91%
Arabia Saudyjska
90%
Etiopia
90%
Nigeria
90%
Węgry
90%
Wenezuela
90%
Angola
89%
Finlandia
89%
Peru
89%
Rumunia
89%
Wielka Brytania
88%
Włochy
88%
Chorwacja
87%
Libia
87%
Republika Południowej Afryki
87%
Sudan
87%
Norwegia
86%
Boliwia
85%
Czad
85%
Litwa
85%
Nepal
84%
Mali
83%
Panama
83%
Uzbekistan
83%
Bułgaria
82%
Indonezja
82%
Mołdawia
82%
Namibia
82%
Pakistan
82%
Kamerun
81%
Maroko
81%
Senegal
81%
Sudan Południowy
81%
Afganistan
80%
Belgia
80%
Grecja
80%
Niger
80%
Turkmenistan
80%
Australia
79%
Łotwa
79%
Kostaryka
78%
Republika Środkowoafrykańska
78%
Kirgistan
76%
Kosowo
76%
Tadżykistan
76%
Mozambik
75%
Urugwaj
75%
Botswana
74%
Gujana
74%
Islandia
74%
Dania
73%
Kenia
73%
Mauretania
73%
Tanzania
73%
Burkina Faso
72%
Jemen
72%
Kongo
72%
Laos
72%
Irak
71%
Lesotho
71%
Azerbejdżan
70%
Bośnia i Hercegowina
70%
Chile
70%
Korea Północna
70%
Togo
70%
Zambia
70%
Estonia
69%
Honduras
69%
Słowenia
69%
Wybrzeże Kości Słoniowej
69%
Zimbabwe
69%
Ekwador
68%
Ghana
68%
Japonia
68%
Macedonia Północna
68%
Mjanma
68%
Oman
68%
Benin
67%
Gruzja
67%
Gwatemala
67%
Korea Południowa
67%
Portugalia
67%
Gwinea
66%
Nikaragua
65%
Uganda
64%
Bangladesz
63%
Liberia
63%
Izrael
62%
Sri Lanka
62%
Tajlandia
62%
Jordania
61%
Papua-Nowa Gwinea
60%
Surinam
60%
Syria
60%
Wietnam
60%
Gabon
58%
Holandia
58%
Irlandia
58%
Nowa Zelandia
57%
Malawi
56%
Gwinea Bissau
54%
Madagaskar
54%
Malezja
54%
Erytrea
53%
Kuba
53%
Sierra Leone
53%
Seszele
52%
Albania
51%
Armenia
51%
Dominikana
51%
Komory
51%
Rwanda
51%
Somalia
50%
Tunezja
50%
Kiribati
49%
Belize
48%
Haiti
48%
Tajwan
47%
Eswatini
46%
Kambodża
46%
Mauritius
46%
Mikronezja
46%
Filipiny
45%
Malediwy
45%
Republika Zielonego Przylądka
44%
Wyspy Świętego Tomasza i Książeca
44%
Burundi
43%
Salwador
43%
Jamajka
42%
Samoa
42%
Gwinea Równikowa
41%
Zjednoczone Emiraty Arabskie
41%
Malta
40%
Vanuatu
39%
Tonga
38%
Wyspy Marshalla
38%
Fidżi
37%
Wyspy Salomona
37%
Palau
33%
Nauru
32%
Kuwejt
30%
Tuvalu
29%
Bahamy
28%
Nie znaleziono quizów pasujących do podanych kryteriów
Rozkład punktacji
Procent ludzi z każdym wynikiem
Percentyl według liczby udzielonych odpowiedzi
Twoja historia wyników
Nie rozwiązałeś tego quizu